Normas de Seguridad por puestos de trabajo en el área de Matanza de la Empresa Industrial Comercial San Martin S.A.

La realización de las Normas de Seguridad por puestos de trabajo en el área de matanza implica el desarrollo de varios estudios acerca de la seguridad e higiene industrial en el Matadero San Martin, iniciando por una descripción en la cual se detallan las generalidades del área en cuanto a la d...

Full description

Bibliographic Details
Main Authors: González Moncada, Susana del Carmen, Lacayo Espinoza, Javiera del Carmen, Carmona Martínez, Ana Mercedes
Other Authors: Tutor: Gutiérrez Martínez, Marbel
Format: Tesis Section = Libro
Language:Undetermined
Spanish
Published: Managua UNI 2018
Subjects:
LEADER 01564nam a2200265Ia 4500
008 240830s9999 xx 000 0 und d
040 |a BIBLIOTECA-RUPAP Mon 658.38 G643 
041 |a spa 
082 |a Mon 658.38 G643 
100 1 |a González Moncada, Susana del Carmen 
100 1 |b  Lacayo Espinoza, Javiera del Carmen 
100 1 |c  Carmona Martínez, Ana Mercedes 
245 1 0 |a Normas de Seguridad por puestos de trabajo en el área de Matanza de la Empresa Industrial Comercial San Martin S.A. 
260 |a Managua  |b UNI  |c 2018 
300 |a 400 p. :il. 
502 |a Tesis (Ingeniero Industrial)- UNI, 2018. 
520 3 |a La realización de las Normas de Seguridad por puestos de trabajo en el área de matanza implica el desarrollo de varios estudios acerca de la seguridad e higiene industrial en el Matadero San Martin, iniciando por una descripción en la cual se detallan las generalidades del área en cuanto a la descripción del proceso y de los puestos para obtener una interpretación más detallada de las actividades de los operarios. La determinación de este estudio plantea la disminución de riesgos de accidentes, evitando la generación de enfermedades profesionales a los trabajadores, proporcionando protección personal adecuada para cada puesto de trabajo 
650 7 |a SEGURIDAD INDUSTRIAL 
650 7 |b SALUD OCUPACIONAL 
650 7 |c ACCIDENTES DE TRABAJO-PREVENCION 
650 7 |d FABRICAS-MEDIDAS DE SEGURIDAD 
700 1 |a Tutor:  |b Gutiérrez Martínez, Marbel 
942 |c BK  |2 ddc 
991 |a TESIS 
999 |c 17115